| 000 | 00359 a2200157 4500 | ||
|---|---|---|---|
| 001 | 68092 | ||
| 020 | _a9783190015597 | ||
| 040 | _cAnchieta - Pituba | ||
| 100 | _aGeorgiakaki, Manuela | ||
| 240 | 1 | 0 |
_aPaul, Lisa & Co - Starter _ldeu / ger |
| 245 | 1 | 0 | _aPaul, Lisa & Co - Starter |
| 300 | _a78 | ||
| 362 | 0 | _a2017 | |
| 650 | 4 | _aLíngua alemã | |
| 942 | _cBK | ||
| 999 |
_c68092 _d68092 |
||